000 00579nam a2200169 a 4500
001 000036830
005 20200930075949.0
008 120201s1964 xxu 000 0 spa d
040 _aDO-SdBNP
_bspa
_cBNPHU
082 _axxxxx
_bxxxx
100 1 _aPlatón,
_d428?-347 a. C.
_915219
245 1 0 _aThe last days of Socrates :
_bthe apology, crito, phaedo /
_cPlato ; traducción, introducción Hugh thedennick.
260 _aBaltimore :
_bPenguin Books,
_c1964.
490 _aThe Penguin Classics
_v37
700 1 _athedennick, Hugh
_963167
830 0 _aThe Penguin Classics
_v37
_963168
999 _c36321
_d36321